"Honzíkova cesta" mezi dětmi

Bibliographic Details
Main Author: Gebhartová, Vladimíra, 1931-2018 (Author)
Format: Article
Language:Czech

MARC

LEADER 00000nab a2200000uu 4500
001 vtls011505495
003 SK-MaSNL
005 20260303171435.0
008 211119| xo |||||||||||||||||cze|
015 |a SNBRB 
035 |a (urnnbn)urn:nbn:sk:snk:ar-a0anwk 
035 |a (uuid)6d7c4171-a7af-439e-809c-60b5a0c1ae95 
035 |a urn:nbn:sk:snk-abdywd 
040 |a SNKBUCL  |b slo  |c SNKBUCL  |e AACR2 
041 0 |a cze 
044 |a xo  |c SK 
100 1 |a Gebhartová, Vladimíra,  |d 1931-2018  |4 aut  |9 226833 
245 1 0 |a "Honzíkova cesta" mezi dětmi  |c Vladimíra Dostálová 
773 0 |t Zlatý máj : kritická revue tvorby pro mládež  |g Roč. 1, č. 4 (1956-1957), s. 114-116 
958 |a OND 
958 |a article20 
999 |c 2081445  |d 2083375